000 00825nam a2200241 4500
001 26404
003 BD-RjUL
005 20211209051019.0
008 140322s1960 enkabcd b u001 eng
035 _a(BD-RjUL)26474
040 _aNUWS:W
_beng
_cLC
_dANL
_dBD-RjUL
041 _aeng
082 0 0 _a950
_bREE 1960
100 1 _aReischauer, Edwin O.
_q(Edwin Oldfather),
_d1910-1990.
_981189
245 1 0 _aEast Asia :
_bthe great tradition /
_cEdwin O. Reischauer, John K. Fairbank.
260 _aLondon :
_bAllen & Unwin,
_cc1960.
300 _axiv, 739 p. :
_bill., maps, ports., charts ;
_c25 cm.
504 _aBibliography: p.679-686 and index.
651 0 _aEast Asia
_xHistory.
_978413
700 1 _aFairbank, John King,
_d1907-
_981191
942 _2ddc
_cBK
999 _c26404
_d26404